02393nkc a2200373za 450000100060000000300040000600500170001000700070002700800410003404000240007510000410009924500520014026000240019230001010021650001700031750001920048750000650067950001340074450001690087850400520104750500490109951001510114851000520129956101300135161000750148165100260155665500400158270000600162285200120168285601500169494200250184495201330186999900170200284439OSt20260317164518.0kh boc250409s19101911sp ||||| |||| 00| i|spa d aM-RABAbspacM-RABA1 aElorza, Lorenzod(1861-1931)911106810aEstíbalizb: Ábsides del santuarioc/ L. E. c[ca. 1910 – 1911] a1 fotografíab: gelatina de platac; imagen 16,5 x 12 cm c; soporte secundario 26,5 x 21,5 cm aVista desde el sureste de la fachada principal y dos de los tres ábsides con los que se configura la cabecera de la basílica de Nuestra Señora de Estíbaliz.  aFotografía montada sobre soporte secundario de cartulina azul enmarcada con orla en relieve. Título y numeración manuscrita que hace referencia a la posición en la serie “60”. aSello con monograma del fotógrafo en tinta roja “L.E.” aFechas tomadas de la ejecución del positivo de las fotografías, incluido el soporte secundario. (Soto Madrazo, Javier. 2008). aForma parte de un conjunto de 167 fotografías empleadas por Federico Baráibar Zumárraga para la elaboración del Inventario del Románico en Álava (1911). aBaraibar, F.: "Rincones artísticos", M. 1914. aEstivariz.- Ábsides del Santuario / L. E.  aDescripción tomada de: Soto Madrazo, Javier (2008). Federico Baraibar y el Inventario del Románico en Álava: una caja con 167 fotografías. aBaraibar, F.: "Rincones artísticos", M. 1914. aDonadas junto con la memoria manuscrita a la Academia por el mismo Baraibar (Sesión 12 de febrero de 1912, Archivo: 4-32-1)27aSantuario de Santa María de Estíbaliz (cÁlava, España)927018 7aÁlava2embne975661 0aFotografías de monumentos91115801 aBaráibar y Zumárraga, Federico d(1851-1918)912926 jFot-169 3Fot-169uhttps://archivoybiblioteca.realacademiabellasartessanfernando.com/cgi-bin/koha/opac-retrieve-file.pl?id=b5aa6f5b5b4162f0edb1c0b68b7f2f35 2ddccFOTOGRAFÍAn0 00102ddc40708FOTOGRAFIAaRABASFbRABASFcDP2d2025-04-09l0oFot-169p1095314r2025-04-09 12:41:46w2025-04-09yFOTOGRAFÍA c84439d84439